000 00634nam a2200229Ia 4500
999 _c35386
_d35386
003 GCL
005 20240530102925.0
008 140319s9999 xx 000 0 ara d
040 _aGCL /
_cGCL
082 0 4 _a801
_bم ز
100 1 _aميرهوف ، هانز
245 1 0 _aالزمن فى الادب /
_cاسعد رزق
260 _a[S.N] :
_bمؤسسة سجل العرب ،
_c1972
300 _a185 ص
650 0 4 _aفلسفة
650 0 4 _aالادب
650 0 4 _aنظريات
650 0 4 _aتاريخ ونقد
700 1 _aالعوضى الوكيل (مراجعة)
700 1 _aاسعد رزوق
942 _2ddc
_cBK